Historia de la conquista de Mexico (Record no. 4664)
[ view plain ]
| 000 -CABECERA | |
|---|---|
| campo de control de longitud fija | 01086nam a2200265 a 4500 |
| 001 - NÚMERO DE CONTROL | |
| campo de control | BRCA_4970 |
| 005 - FECHA Y HORA DE LA ÚLTIMA TRANSACCIÓN | |
| campo de control | 20190320204901.0 |
| 008 - DATOS DE LONGITUD FIJA--INFORMACIÓN GENERAL | |
| campo de control de longitud fija | 830808s1741####be-ab#####---#000-0#spa-# |
| 041 ## - CÓDIGO DE LENGUA | |
| Código de lengua del texto/banda sonora o título independiente | spa |
| 044 ## - CÓDIGO DEL PAÍS DE LA ENTIDAD EDITORA/PRODUCTORA | |
| Código MARC del país | be |
| 050 #4 - SIGNATURA TOPOGRÁFICA DE LA BIBLIOTECA DEL CONGRESO | |
| Número de clasificación | F1230 |
| Número de documento/Ítem | .S65 2 |
| -- | 1741 |
| 100 1# - ENTRADA PRINCIPAL--NOMBRE DE PERSONA | |
| Nombre de persona | Solís y Rivadeneyra, Antonio de |
| Fechas asociadas al nombre | 1610-1686 |
| 9 (RLIN) | 12647 |
| 245 10 - MENCIÓN DE TÍTULO | |
| Título | Historia de la conquista de Mexico |
| Resto del título | población y progresos de la América Septentrional, conocida por el nombre de Nueva España |
| Mención de responsabilidad, etc. | escrivióla Antonio de Solís. |
| 260 ## - PUBLICACIÓN, DISTRIBUCIÓN, ETC. | |
| Lugar de publicación, distribución, etc. | Bruselas |
| Nombre del editor, distribuidor, etc. | Marcos - Miguel Bousquet |
| Fecha de publicación, distribución, etc. | 1741 |
| 300 ## - DESCRIPCIÓN FÍSICA | |
| Extensión | 276 p. |
| Otras características físicas | il., láminas, mapas |
| Dimensiones | 41 cm. |
| 500 ## - NOTA GENERAL | |
| Nota general | Incluye índice de las cosas notables que contienen en este libro |
| 500 ## - NOTA GENERAL | |
| Nota general | Nueva edición enriquezida con diversas estampas y aumentada con la vida del autor que escrivió Don Juan de Goyeneche |
| 500 ## - NOTA GENERAL | |
| Nota general | Estado físico: libro deteriorado, cubierta desprendida |
| 500 ## - NOTA GENERAL | |
| Nota general | Ver también DD1 |
| 500 ## - NOTA GENERAL | |
| Nota general | DD10 |
| 651 #4 - PUNTO DE ACCESO ADICIONAL DE MATERIA--NOMBRE GEOGRÁFICO | |
| Nombre geográfico | México |
| Subdivisión general | Historia |
| Subdivisión cronológica | Conquista, 1519-1540 |
| 9 (RLIN) | 442 |
| 700 1# - PUNTO DE ACCESO ADICIONAL--NOMBRE DE PERSONA | |
| Nombre de persona | Goyeneche, Juan de |
| Fechas asociadas al nombre | 1656-1735 |
| 9 (RLIN) | 12429 |
| 902 ## - CATALOGADOR | |
| Iniciales | GFM |
| 942 ## - ELEMENTOS DE PUNTO DE ACCESO ADICIONAL (KOHA) | |
| Fuente del sistema de clasificación o colocación | Library of Congress Classification |
| Tipo de ítem Koha | Libros |
| Estado de retiro | Estado de pérdida | Estado dañado | No para préstamo | Localización permanente | Ubicación/localización actual | Fecha de adquisición | Número de inventario | Total de préstamos | Signatura topográfica completa | Código de barras | Fecha visto por última vez | Precio válido a partir de | Tipo de ítem Koha |
|---|---|---|---|---|---|---|---|---|---|---|---|---|---|
| El ejemplar forma parte de la colección y puede ser consultado según las políticas vigentes. | Biblioteca del Museo Franz Mayer (Rogerio Casas-Alatriste) | Biblioteca del Museo Franz Mayer (Rogerio Casas-Alatriste) | 25/10/2010 | DD10 | F1230 .S65 2 1741 (DD10) | 5042 | 22/03/2019 | 22/03/2019 | Libros |